| 000 | 01407nam a2200241Ia 4500 | ||
|---|---|---|---|
| 003 | Ost | ||
| 005 | 20260507075532.0 | ||
| 008 | 260507s9999||||xx |||||||||||||| ||und|| | ||
| 020 | _a9776186246 | ||
| 040 | _cfsecg | ||
| 041 | _aara | ||
| 082 | _a338.4891 | ||
| 100 |
_aحسين، حسام الدين _eمؤلف |
||
| 245 | 0 |
_aتنمية المبيعات السياحية : _bاستراتيجية التميز المالي والمحاسبي / _c حسام الدين حسين |
|
| 260 |
_aالاسكندرية: _bمكتبة نانسي دمياط, _c2007 |
||
| 300 |
_a292 صفحة؛ _bإيضاحات ؛ _c24 سم |
||
| 504 | _aاقتناءات 2014 3ن بيبليوغرافيا: ص ص.280-285 | ||
| 520 | _aيضم ماهية المبيعات السياحية، دور الترويج السياحي في تنمية المبيعات السياحية، أثر التخطيط السياحي في تنمية المبيعات السياحية، دور الدولة المساعد للمنشآت السياحية في تنمية المبيعات السياحية، دور الإعلام السياحي في تنمية المبيعات السياحية، التسويق من خلال رغبات السائحين لتنمية المبيعات السياحية | ||
| 653 | _aالسياحة- اقتصاديات | ||
| 653 | _aالفنادق- محاسبة | ||
| 653 | _aالمبيعات | ||
| 942 | _cكتاب | ||
| 999 |
_c44825 _d44825 |
||